000 00621cam a2200217 a 4500
001 4926769
005 20180312063438.0
008 950919s1996 mnua 001 0 eng
010 _a 95041712
020 _a0314063536 (hard : alk. paper)
040 _aDLC
_cDLC
_dDLC
041 _aeng
080 _a540 UML
082 0 0 _a540 UML
_220
100 1 _a12
101 _aKIM
245 1 0 _aGeneral chemistry.
906 _a7
_bcbc
_corignew
_d1
_eocip
_f19
_gy-gencatlg
942 _2ddc
_cBK
999 _c44720
_d44720